Responses for Show #6383 - Wednesday, May 23, 2012

Joel Pool game 3.

Contestants

[<< previous game]

Jody Clark, a retail associate from Garretson, South Dakota

Barb Hougas, a pharmacist originally from Denison, Iowa

Joel Pool, a real estate developer from Oakland, California (whose 2-day cash winnings total $48,400)

[next game >>]

Jeopardy! Round responses

IT'S OPENING NIGHT ON BROADWAY!
MORE THAN ONE MEANING
TV LOCATIONS
FRANKLY
MADEIRA
I DON'T GIVE A...
(Alex: Each correct response will end with the letters "A-M".)
    $200 21
Evita

Barb
    $200 6
a cobbler

Barb
    $200 11
Dallas

Joel
    $200 16
Frank Lloyd Wright

Barb
    $200 26
Portugal

Jody
    $200 1
(Jody: What is a...)
(Alex: Oh, it's too bad.)
[The time's-up signal sounds.]
(Jody: [*]. Sorry.)

yam

BarbJody
    $400 22
A Chorus Line

Jody
    $400 7
a beam

Joel
    $400 12
Beverly Hills

Jody
    $400 17
Frank Herbert

Jody
    $400 27
(Jody: Who is Vasco da Gama?)
(Joel: Who is Magellan?)

(Christopher) Columbus

JoelBarbJody
    $400 2
Hoover Dam (the Boulder Dam accepted)

Jody
    $1,000 23
Wicked

Jody
    $600 8
deuce

Jody
    $600 13
Chicago

Barb
    $600 18
(Frank) Capra

Barb
    $600 28
Napoleon

Joel
    $600 3
ham

Barb
    $800 24
Hello, Dolly!

Jody
    $800 9
to train

Joel
    $800 14
(Alex: Yes, on Happy Days.)

Milwaukee

Jody
    $800 19
Frank Loesser

Jody
    $800 29
brandy

Jody
    $800 4
(Joel: What is a slam?)
(Alex: Be more specific.)
(Joel: What is a grand slam?)
(Alex: No.)
[Laughter]

body slam

Joel
Triple Stumper
    $1000 25
Dreamgirls

Jody
    $1000 10
import

Joel
    $1000 15
the Hamptons

Joel
    $1000 20
Frank Stella

Triple Stumper
    $1000 30
Captain Cook

Triple Stumper
    $1000 5
dram

Triple Stumper

Scores at the first commercial break (after clue 15):

Joel Barb Jody
$2,600 $1,600 $2,000

Scores at the end of the Jeopardy! Round:

Joel Barb Jody
$2,800 $3,000 $7,000

Double Jeopardy! Round responses

WHAT THE X-RAY SHOWS
A TOUCH OF ROBERT FROST IN THE AIR
ENDS IN "TH"
THE AMERICAN REVOLUTION
COMPANY NAMES
LYRICS OF THE TOP 40 SONG
    $400 11
Siamese or conjoined twins

Joel
    $400 25
tennis

Barb
    $400 16
a gunsmith

Barb
    $400 6
Valley Forge

Joel
    $400 1
A&M

Jody
    $400 20
"Live And Let Die"

Jody
    $800 12
hip replacement

Barb
    $800 26
home

Barb
    $800 7
(Joel: What is Lexington?)

Concord

JoelBarb
    $800 2
White Castle

Joel
    $800 21
"Hungry Like The Wolf"

Joel
    $1200 13
impacted

Jody
    $1200 27
John Kennedy

Jody
    $1200 17
to bequeath

Joel
    $1200 8
(Marquis de) Lafayette

Jody
    $1200 3
Hasbro

Triple Stumper
    $1200 22
"Crazy"

Triple Stumper
    $1600 14
dislocated

Joel
    $1600 28
(Joel: What is "On Taking the Road Less Traveled"?)

"Stopping by Woods on a Snowy Evening"

Joel
Triple Stumper
    $1600 18
a swath

Joel
    $1600 9
Georgia

Joel
    $1,800 4
Audi

Joel
    $1600 23
"I Want You To Want Me"

Jody
    $2000 15
(Joel: What is the... ulna?)
(Jody: What is the femur?)
...
(Alex: It's fun when the, uh, competitors narrow it down for you, isn't it?)
(Barb: [Laughing] It is.)

the tibia

JoelBarbJody
    $4,000 29
(Jody: What is "Fences"?)
...
[The end-of-round signal sounds.]

"Mending Wall"

Jody
    $2000 19
(Alex: That's it, June 19th.)

Juneteenth

Jody
    $2000 10
John Paul Jones

Jody
    $2000 5
Williams-Sonoma

Joel
    $2000 24
(Alex: Less than a minute to go now, Jody.)

"In The Air Tonight"

Triple Stumper

Scores at the end of the Double Jeopardy! Round:

Joel Barb Jody
$10,600 $8,200 $11,000

[wagering suggestions for these scores]

Final Jeopardy! Round responses

ANIMALS
(Alex: [Revealing Joel's response] Again, you didn't put the verb in. You--you have an aversion to verbs.)
[Laughter]
BarbWhat is the Komodo dragon?
$3,000
JoelWhat Tasmanian devil
$10,600
JodyWhat is Komodo dragon
$10,100
Tasmanian devil

Final scores:

Joel Barb Jody
$21,200 $5,200 $900
3-day champion: $69,600 2nd place: $2,000 3rd place: $1,000

Game dynamics:

Coryat scores:

Joel Barb Jody
$10,400 $8,200 $14,600
16 R
(including 1 DD),
5 W
14 R,
0 W
20 R
(including 1 DD),
4 W
(including 1 DD)

Combined Coryat: $33,200

[game clues] [game scores] [suggest correction]

Game tape date: 2012-01-17
The J! Archive is created by fans, for fans. Scraping, republication, monetization, and malicious use prohibited; this site may use cookies and collect identifying information. See terms. The Jeopardy! game show and all elements thereof, including but not limited to copyright and trademark thereto, are the property of Jeopardy Productions, Inc. and are protected under law. This website is not affiliated with, sponsored by, or operated by Jeopardy Productions, Inc. Join the discussion at JBoard.tv.